Music Quiz

Random Music or Song Quiz

Left of the Dial:Dispatches from the 80s Quiz Stats

 Plays Quiz not verified by Sporcle

Support Sporcle.
Go Orange.
Score 0/82 Timer 12:00
0 Plays Today
Song Artist % Correct
Disc 1R.E.M.
92.7%
Disc 1Dead Kennedys
84.1%
Disc 2Joy Division
84.1%
Disc 2The Smiths
81.7%
Disc 2Violent Femmes
81.7%
Disc 4The The
81.7%
Disc 1The Cure
80.5%
Disc 1X
75.6%
Disc 4Pixies
74.4%
Disc 4Kate Bush
72%
Disc 4Jane's Addiction
70.7%
Disc 2XTC
69.5%
Disc 2Orchestral Manoeuvres In The Dark
68.3%
Disc 3The Church
68.3%
Disc 1The Jam
67.1%
Disc 1The Jesus And Mary Chain
64.6%
Disc 2The English Beat
64.6%
Disc 3Echo & The Bunnymen
64.6%
Disc 1The Replacements
63.4%
Disc 1Depeche Mode
63.4%
Disc 3Sonic Youth
63.4%
Disc 4Bauhaus
62.2%
Disc 2Ultravox
61%
Disc 1New Order
59.8%
Disc 1Husker Du
57.3%
Disc 1Black Flag
57.3%
Disc 1MIssion Of Burma
54.9%
Disc 3Faith No More
54.9%
Song Artist % Correct
Disc 1Aztec Camera
53.7%
Disc 3The Stone Roses
51.2%
Disc 4Siouxsie And The Banshees
51.2%
Disc 2Minutemen
50%
Disc 2The Sisters Of Mercy
50%
Disc 4Julian Cope
50%
Disc 4Billy Bragg
50%
Disc 2Dinosaur Jr.
48.8%
Disc 3The Sugarcubes
48.8%
Disc 3They Might Be Giants
48.8%
Disc 2Dead Milkmen
46.3%
Disc 4Camper Van Beethoven
46.3%
Disc 4Happy Mondays
46.3%
Disc 2Meat Puppets
45.1%
Disc 4Cocteau Twins
45.1%
Disc 4Suicidal Tendencies
43.9%
Disc 1Japan
42.7%
Disc 2The Pretenders
42.7%
Disc 2The Smithereens
42.7%
Disc 3Bad Brains
42.7%
Disc 3Public Image Ltd.
42.7%
Disc 1The Go-Betweens
41.5%
Disc 2The dB's
41.5%
Disc 2The Cramps
41.5%
Disc 3The Psychedelic Furs
41.5%
Disc 4Minor Threat
41.5%
Disc 3Gang Of Four
40.2%
Disc 4The Pogues
40.2%
Song Artist % Correct
Disc 2Killing Joke
39%
Disc 3Nick Cave And The Bad Seeds
39%
Disc 1Red Hot Chili Peppers
37.8%
Disc 2Ministry
37.8%
Disc 2Lone Justice
37.8%
Disc 1The Passions
36.6%
Disc 2The Raincoats
35.4%
Disc 3Love And Rockets
35.4%
Disc 1Magazine
34.1%
Disc 1Wall Of Voodoo
32.9%
Disc 2Concrete Blonde
32.9%
Disc 2Prefab Sprout
32.9%
Disc 3Robyn Hitchcock & and Egyptians
31.7%
Disc 4The Gun Club
29.3%
Disc 4Butthole Surfers
28%
Disc 1Dream Syndicate
26.8%
Disc 3The Feelies
26.8%
Disc 4Hoodoo Gurus
26.8%
Disc 4Descendents
24.4%
Disc 4The Three O'Clock
24.4%
Disc 3Rain Parade
23.2%
Disc 3Throbbing Gristle
23.2%
Disc 3Green On Red
19.5%
Disc 4Lyres
19.5%
Disc 4Beat Happening
18.3%
Disc 3The Chameleons UK
13.4%

You're not logged in!

Compare scores with friends on all Sporcle quizzes.
OR
Log In

From the Vault

TV Shows Cut Off at 'P'

by DIEGO1000

Does this mean when you're watching, the show just ends if someone uses a word with 'P' in it?
Remove Ads.
Support Sporcle.
Get the best of Sporcle when you Go Orange. This ad-free experience offers more features, more stats, and more fun while also helping to support Sporcle. Thank you for becoming a member.

Show Comments

Extras

Top Quizzes Today


Score Distribution

Your Account Isn't Verified!

In order to create a playlist on Sporcle, you need to verify the email address you used during registration. Go to your Sporcle Settings to finish the process.

Report this User

Report this user for behavior that violates our Community Guidelines.

Details: